000 00730cab a2200229 4500
001 WB3116-49
008 090401t1995 xxu||||| |||| 00| 0 eng d
035 _a(Sirsi) u57567
041 _aeng
245 _aPittance from space invaders
260 _c1995
350 _a0
490 _aDaily Telegraph
_v22 April 1995, B12(10
520 _aMore householders and landowners consider that privatised utility companies should pay more for wayleaves, the right to run cables and pipes above or below their property.
650 _aCOMPENSATION
650 _aPRIVATISED COMPANIES
650 _aUtilities
_96272
650 _aWAYLEAVES
690 _aHIGHWAYS RIGHTS OF WAY AND EASEMENTS
942 _n0
948 _c04/03/1997
999 _c35118
_d35118